[Event "Menorca op 3rd"]
[Site "Ciutadella de Menorca"]
[Date "2024.04.04"]
[Round "4"]
[White "Krzyzanowski, Marcin"]
[Black "Dardha, Daniel"]
[Result "1/2-1/2"]
[WhiteElo "2510"]
[BlackElo "2630"]
[PlyCount "62"]
[EventDate "2024.04.02"]
[EventType "swiss"]
[EventRounds "9"]
[EventCountry "ESP"]
[SourceTitle "CB15_2024"]
[SourceDate "2024.04.10"]
[SourceVersion "1"]
[SourceVersionDate "2024.04.10"]
[SourceQuality "1"]

1. e4 c5 2. Nf3 Nc6 3. Bb5 e6 4. Bxc6 bxc6 5. d3 Ne7 6. Nbd2 Qc7 7. Qe2 e5 8. Nc4 Ng6 9. h4 h5 10. Bd2 f6 11. Ne3 Nf4 12. Qd1 d5 13. g3 Ne6 14. exd5 cxd5 15. Nxd5 Qc6 16. c4 Bb7 17. Ba5 Qd7 18. Qe2 Bxd5 19. cxd5 Qxd5 20. Qe4 Qxe4+ 21. dxe4 Rb8 22. b3 c4 23. bxc4 Bb4+ 24. Bxb4 Rxb4 25. 0-0 Rxc4 26. Rfc1 Rxc1+ 27. Rxc1 Kd7 28. Rc3 Rc8 29. Ra3 Rc7 30. Nd2 Nc5 31. f4 exf4 1/2-1/2

[Event "Reykjavik op"]
[Site "Reykjavik"]
[Date "2024.03.20"]
[Round "8"]
[White "Krzyzanowski, Marcin"]
[Black "Bjarnason, Snorri Vikanes"]
[Result "1-0"]
[WhiteElo "2524"]
[BlackElo "1875"]
[PlyCount "42"]
[EventDate "2024.03.15"]
[EventType "swiss"]
[EventRounds "9"]
[EventCountry "ISL"]
[SourceTitle "CB13_2024"]
[SourceDate "2024.03.27"]
[SourceVersion "1"]
[SourceVersionDate "2024.03.27"]
[SourceQuality "1"]

1. e4 c5 2. Nf3 d6 3. d4 cxd4 4. Nxd4 Nf6 5. Nc3 Nc6 6. Bg5 e6 7. Qd2 Be7 8. 0-0-0 a6 9. f4 Bd7 10. Nf3 Rc8 11. e5 dxe5 12. fxe5 Nd5 13. Bxe7 Ncxe7 14. Ne4 0-0 15. Nd6 Rc7 16. Bd3 Ng6 17. Kb1 Bc6 18. Bxg6 hxg6 19. h4 Ne7 20. Nd4 Nf5 21. Nxc6 Rxc6 1-0

[Event "Reykjavik op"]
[Site "Reykjavik"]
[Date "2024.03.19"]
[Round "7"]
[White "Krzyzanowski, Marcin"]
[Black "Alic, Miran"]
[Result "1-0"]
[WhiteElo "2524"]
[BlackElo "2033"]
[PlyCount "63"]
[EventDate "2024.03.15"]
[EventType "swiss"]
[EventRounds "9"]
[EventCountry "ISL"]
[SourceTitle "CB13_2024"]
[SourceDate "2024.03.27"]
[SourceVersion "1"]
[SourceVersionDate "2024.03.27"]
[SourceQuality "1"]

1. d4 d5 2. Nf3 e6 3. Bf4 Nf6 4. e3 c5 5. c3 Nc6 6. Nbd2 cxd4 7. exd4 Nh5 8. Bg5 f6 9. Be3 Bd6 10. g3 0-0 11. Bg2 Qe8 12. c4 f5 13. cxd5 f4 14. dxc6 fxe3 15. fxe3 bxc6 16. Ne4 Bb4+ 17. Nc3 Qg6 18. 0-0 Ba6 19. Rf2 Bd6 20. Qa4 Bd3 21. Qxc6 Rad8 22. Ne2 Be4 23. Qa6 Bd3 24. Qa5 Bxe2 25. Rxe2 Bxg3 26. Qg5 Bd6 27. Qxg6 hxg6 28. Ng5 Rde8 29. Bh3 e5 30. d5 Bc5 31. Be6+ Kh8 32. Kg2 1-0

[Event "Reykjavik op"]
[Site "Reykjavik"]
[Date "2024.03.18"]
[Round "5"]
[White "Birkisson, Bjorn Holm"]
[Black "Krzyzanowski, Marcin"]
[Result "1/2-1/2"]
[WhiteElo "2140"]
[BlackElo "2524"]
[PlyCount "111"]
[EventDate "2024.03.15"]
[EventType "swiss"]
[EventRounds "9"]
[EventCountry "ISL"]
[SourceTitle "CB13_2024"]
[SourceDate "2024.03.27"]
[SourceVersion "1"]
[SourceVersionDate "2024.03.27"]
[SourceQuality "1"]

1. e4 c6 2. d4 d5 3. e5 Bf5 4. h4 h5 5. Bd3 Bxd3 6. Qxd3 Qa5+ 7. Nd2 e6 8. Ngf3 Nh6 9. 0-0 Nf5 10. g3 Qa6 11. c4 Be7 12. b3 0-0 13. a4 Rd8 14. Qc3 c5 15. dxc5 dxc4 16. b4 Nc6 17. b5 Qa5 18. Qxc4 Ncd4 19. Bb2 Nxf3+ 20. Nxf3 Rac8 21. Ba3 Rd5 22. Bb4 Qd8 23. Rac1 Nd4 24. Nxd4 Rxd4 25. Qb3 Bxh4 26. Rfd1 Bg5 27. Rxd4 Qxd4 28. Rd1 Qg4 29. Rd7 h4 30. Ba3 Qe4 31. Qd3 Qe1+ 32. Qf1 Qxe5 33. f4 Qe3+ 34. Qf2 Qxa3 35. fxg5 Qa1+ 36. Qf1 Qxf1+ 37. Kxf1 Rxc5 38. Rxb7 Rf5+ 39. Kg2 Rxg5 40. Rxa7 Rxg3+ 41. Kh2 Rb3 42. Rb7 Ra3 43. Ra7 Rb3 44. Rb7 g5 45. a5 g4 46. a6 Rb2+ 47. Kg1 Rb1+ 48. Kh2 g3+ 49. Kh3 Rh1+ 50. Kg2 Rh2+ 51. Kg1 Ra2 52. Rc7 h3 53. Rc1 Kg7 54. Rb1 Rg2+ 55. Kh1 Rh2+ 56. Kg1 1/2-1/2

[Event "Reykjavik op"]
[Site "Reykjavik"]
[Date "2024.03.15"]
[Round "1"]
[White "Harish, Neeraj"]
[Black "Krzyzanowski, Marcin"]
[Result "1/2-1/2"]
[WhiteElo "2090"]
[BlackElo "2524"]
[PlyCount "141"]
[EventDate "2024.03.15"]
[EventType "swiss"]
[EventRounds "9"]
[EventCountry "ISL"]
[SourceTitle "CB13_2024"]
[SourceDate "2024.03.27"]
[SourceVersion "1"]
[SourceVersionDate "2024.03.27"]
[SourceQuality "1"]

1. e4 c5 2. Nf3 Nc6 3. d4 cxd4 4. Nxd4 e5 5. Nb5 d6 6. c4 Be6 7. Bd3 g6 8. 0-0 Bg7 9. Bc2 Bf8 10. b3 a6 11. N5c3 Nf6 12. Nd5 Nd4 13. Nbc3 Bg7 14. Be3 0-0 15. f3 Rc8 16. Bd3 Nxd5 17. Nxd5 f5 18. exf5 Nxf5 19. Bb6 Qg5 20. Be4 Kh8 21. Qe1 Bd7 22. Rd1 Bc6 23. Qd2 Bh6 24. Qxg5 Bxg5 25. Rd3 Bd8 26. Rfd1 Kg7 27. Bxd8 Rcxd8 28. Bxf5 Rxf5 29. Ne3 Rg5 30. Rxd6 Rf8 31. h4 Rh5 32. Ng4 e4 33. fxe4 Rxh4 34. Ne5 Bxe4 35. Rd7+ Kg8 36. Re7 Bf5 37. Rxb7 Re8 38. Nf3 Rhe4 39. c5 g5 40. c6 g4 41. Nh4 Bc8 42. Rb8 g3 43. Nf3 Re2 44. Rb4 Rxa2 45. Rbd4 Rc2 46. Rd6 Bg4 47. Rf1 a5 48. Nd4 Rc5 49. Rdf6 h5 50. Nf5 Bxf5 51. R6xf5 Rxc6 52. Rg5+ Kh7 53. Rxg3 Re5 54. Rf7+ Kh6 55. Rf8 Rg6 56. Rh8+ Kg7 57. Rg8+ Kxg8 58. Rxg6+ Kf7 59. Ra6 Rb5 60. Kf2 Ke7 61. Ke2 Rg5 62. Kf3 Kd7 63. Ke4 Kc7 64. Rh6 Rb5 65. Kd4 Rxb3 66. Rxh5 a4 67. Ra5 Rg3 68. Kc4 Rxg2 69. Rxa4 Rg4+ 70. Kb3 Rxa4 71. Kxa4 1/2-1/2

[Event "Titled Tuesday intern op 13th Feb Early"]
[Site "Chess.com INT"]
[Date "2024.02.13"]
[Round "7"]
[White "Antipov, Mikhail Al"]
[Black "Krzyzanowski, Marcin"]
[Result "1-0"]
[WhiteElo "2585"]
[BlackElo "2520"]
[PlyCount "69"]
[EventDate "2024.02.13"]
[EventType "swiss (blitz)"]
[EventRounds "11"]
[EventCountry "USA"]
[SourceTitle "CB08_2024"]
[SourceDate "2024.02.21"]
[SourceVersion "1"]
[SourceVersionDate "2024.02.21"]
[SourceQuality "1"]

1. e4 c6 2. d4 d5 3. exd5 cxd5 4. Bd3 Nc6 5. c3 Qc7 6. h3 g6 7. Nf3 Bf5 8. Bb5 Bg7 9. 0-0 Nf6 10. Re1 0-0 11. Be3 Ne4 12. Nbd2 Rad8 13. Rc1 a6 14. Bf1 e5 15. dxe5 Nxe5 16. Nxe5 Bxe5 17. Nf3 Bd6 18. Nd4 Bc8 19. Qf3 Rfe8 20. Rcd1 b5 21. a3 Bh2+ 22. Kh1 Bd6 23. Nc2 Bb7 24. Bd4 Qe7 25. Nb4 Bb8 26. Nd3 Bc8 27. g3 Bf5 28. Nf4 Qd7 29. Qg2 Ng5 30. Nxd5 Qxd5 31. Qxd5 Ne4 32. Qb7 Nd6 33. Qxa6 Bc8 34. Qb6 Be6 35. Bg2 1-0

[Event "Titled Tuesday intern op 13th Feb Early"]
[Site "Chess.com INT"]
[Date "2024.02.13"]
[Round "3"]
[White "Krzyzanowski, Marcin"]
[Black "Droin, Augustin"]
[Result "1-0"]
[WhiteElo "2520"]
[BlackElo "2471"]
[PlyCount "135"]
[EventDate "2024.02.13"]
[EventType "swiss (blitz)"]
[EventRounds "11"]
[EventCountry "USA"]
[SourceTitle "CB08_2024"]
[SourceDate "2024.02.21"]
[SourceVersion "1"]
[SourceVersionDate "2024.02.21"]
[SourceQuality "1"]

1. e4 c5 2. Nf3 Nf6 3. e5 Nd5 4. c3 d6 5. d4 cxd4 6. cxd4 e6 7. Bd3 Nc6 8. 0-0 Be7 9. Re1 0-0 10. a3 dxe5 11. dxe5 b6 12. Qe2 Bb7 13. h4 Na5 14. Ng5 Bxg5 15. Bxg5 Qd7 16. Nd2 Rfc8 17. Rad1 h6 18. Bxh6 gxh6 19. Qh5 Qe7 20. Ne4 Kg7 21. Qg4+ Kh8 22. Qh5 Kg7 23. b4 Nc6 24. Nd6 Rc7 25. Re4 Rh8 26. Rg4+ Kf8 27. Be4 Nd8 28. Nxb7 Rxb7 29. Bxd5 exd5 30. Rxd5 Rd7 31. Rgd4 Rxd5 32. Rxd5 Ne6 33. Kh2 Qc7 34. Qf5 Qc4 35. Rd7 Qf4+ 36. Qxf4 Nxf4 37. Rxa7 Kg7 38. g3 Nd3 39. e6 Kf6 40. exf7 Nxf2 41. Rb7 Ng4+ 42. Kg2 h5 43. a4 Ra8 44. Rxb6+ Kxf7 45. a5 Ke7 46. a6 Kd7 47. b5 Kc7 48. Rc6+ Kb8 49. Rg6 Ka7 50. Rg7+ Kb6 51. Rb7+ Ka5 52. Kf3 Ne5+ 53. Kf4 Nc4 54. Kg5 Nb6 55. Kxh5 Kxb5 56. a7 Kc6 57. Rg7 Nd7 58. g4 Rxa7 59. g5 Kd6 60. Kg6 Ne5+ 61. Kf6 Ng4+ 62. Kg6 Ne5+ 63. Kh7 Ra4 64. h5 Rh4 65. h6 Ke6 66. Ra7 Kf5 67. Ra5 Rh5 68. g6 1-0

[Event "Titled Tuesday intern op 13th Feb Late"]
[Site "Chess.com INT"]
[Date "2024.02.13"]
[Round "11"]
[White "Krzyzanowski, Marcin"]
[Black "Morales Garcia, Sergio Joshafatt"]
[Result "1-0"]
[WhiteElo "2520"]
[BlackElo "2249"]
[PlyCount "75"]
[EventDate "2024.02.13"]
[EventType "swiss (blitz)"]
[EventRounds "11"]
[EventCountry "USA"]
[SourceTitle "CB08_2024"]
[SourceDate "2024.02.21"]
[SourceVersion "1"]
[SourceVersionDate "2024.02.21"]
[SourceQuality "1"]

1. d4 d5 2. Bf4 Nf6 3. e3 c5 4. Nf3 e6 5. Nbd2 Bd6 6. c3 0-0 7. h4 Bxf4 8. exf4 Qc7 9. Ne5 cxd4 10. cxd4 Nc6 11. Rc1 Qb6 12. Nb3 Qb4+ 13. Qd2 Qxd2+ 14. Kxd2 Ne4+ 15. Ke3 Nd6 16. Nxc6 bxc6 17. Rxc6 Nf5+ 18. Kd2 a5 19. g4 a4 20. gxf5 axb3 21. axb3 Rb8 22. Kc3 exf5 23. b4 Be6 24. Bd3 Rfc8 25. Rc5 Kf8 26. Ra1 g6 27. b5 Ke7 28. Ra7+ Kf6 29. Kb4 h6 30. Rxc8 Bxc8 31. Kc5 Be6 32. b6 Rc8+ 33. Kb5 g5 34. hxg5+ hxg5 35. fxg5+ Kxg5 36. b7 Rb8 37. Kc6 Kf6 38. Ra8 1-0

[Event "Titled Tuesday intern op 13th Feb Early"]
[Site "Chess.com INT"]
[Date "2024.02.13"]
[Round "5"]
[White "Krzyzanowski, Marcin"]
[Black "Narva, Mai"]
[Result "1-0"]
[WhiteElo "2520"]
[BlackElo "2397"]
[PlyCount "113"]
[EventDate "2024.02.13"]
[EventType "swiss (blitz)"]
[EventRounds "11"]
[EventCountry "USA"]
[SourceTitle "CB08_2024"]
[SourceDate "2024.02.21"]
[SourceVersion "1"]
[SourceVersionDate "2024.02.21"]
[SourceQuality "1"]

1. Nf3 Nf6 2. g3 c5 3. Bg2 Nc6 4. c4 d5 5. cxd5 Nxd5 6. 0-0 e5 7. Nc3 Nc7 8. b3 Be7 9. Bb2 0-0 10. Rc1 f6 11. e3 Ne6 12. Na4 Kh8 13. Nh4 Nb4 14. Be4 Ng5 15. Bb1 Nd3 16. Bxd3 Qxd3 17. Nxc5 Qd5 18. e4 Qf7 19. d4 b6 20. Nd3 exd4 21. Rc7 Qe8 22. Re1 Qd8 23. Rc1 Be6 24. Nf4 Bf7 25. Nf5 Bb4 26. Rf1 a5 27. h4 Ne6 28. Nxe6 Bxe6 29. Nxd4 Bh3 30. Nc6 Qxd1 31. Rfxd1 Bc5 32. Bd4 Ba3 33. Rc2 Bg4 34. Re1 Rac8 35. Bxb6 Bd7 36. Nd4 Bb4 37. Rb1 Rxc2 38. Nxc2 Bb5 39. Nxb4 axb4 40. Bc5 Re8 41. Re1 Ra8 42. Bxb4 Rxa2 43. Bc5 Rb2 44. b4 Kg8 45. e5 fxe5 46. Rxe5 Bc4 47. Kg2 Kf7 48. h5 g6 49. h6 Rb1 50. Re7+ Kf6 51. Rxh7 Bd5+ 52. f3 Rb2+ 53. Bf2 Rxb4 54. Rd7 Be6 55. h7 Rb8 56. Bd4+ Kf5 57. Rb7 1-0

[Event "Titled Tuesday intern op 06th Feb Late"]
[Site "Chess.com INT"]
[Date "2024.02.06"]
[Round "1"]
[White "Collins, Adam"]
[Black "Krzyzanowski, Marcin"]
[Result "0-1"]
[WhiteElo "2189"]
[BlackElo "2520"]
[PlyCount "60"]
[EventDate "2024.02.06"]
[EventType "swiss (blitz)"]
[EventRounds "11"]
[EventCountry "USA"]
[SourceTitle "CB07_2024"]
[SourceDate "2024.02.14"]
[SourceVersion "1"]
[SourceVersionDate "2024.02.14"]
[SourceQuality "1"]

1. d4 Nf6 2. c4 d6 3. Nf3 g6 4. Nc3 Bf5 5. Qb3 Qc8 6. Bg5 Bg7 7. e3 0-0 8. Be2 c5 9. 0-0 cxd4 10. Nxd4 Nc6 11. Nxf5 Qxf5 12. Bf4 Rab8 13. Rfd1 Rfc8 14. Rac1 a6 15. Nd5 Nxd5 16. Rxd5 Nd4 17. exd4 Qxf4 18. Qe3 Qxe3 19. fxe3 b6 20. Kf2 h6 21. c5 bxc5 22. dxc5 Bxb2 23. Rc2 Ba3 24. c6 Bc5 25. Bxa6 Rxc6 26. Bd3 Rcb6 27. a4 Rb3 28. Re2 Ra3 29. Bb5 f5 30. Rd3 Ra1 0-1

[Event "Titled Tuesday intern op 06th Feb Late"]
[Site "Chess.com INT"]
[Date "2024.02.06"]
[Round "5"]
[White "Krzyzanowski, Marcin"]
[Black "Prado Lobo, Jonas"]
[Result "0-1"]
[WhiteElo "2520"]
[BlackElo "2383"]
[PlyCount "142"]
[EventDate "2024.02.06"]
[EventType "swiss (blitz)"]
[EventRounds "11"]
[EventCountry "USA"]
[SourceTitle "CB07_2024"]
[SourceDate "2024.02.14"]
[SourceVersion "1"]
[SourceVersionDate "2024.02.14"]
[SourceQuality "1"]

1. e4 e5 2. Nf3 Nf6 3. Nc3 Nc6 4. h3 d5 5. exd5 Nxd5 6. Bb5 Nxc3 7. bxc3 Bd6 8. d4 Bd7 9. 0-0 0-0 10. Re1 Nxd4 11. Nxd4 exd4 12. Bxd7 Qxd7 13. cxd4 Qa4 14. Be3 Qc4 15. Rb1 b6 16. Rb3 Rfe8 17. Qd3 Qxd3 18. Rxd3 Bf4 19. c4 Bxe3 20. fxe3 c5 21. dxc5 bxc5 22. Rd5 Rac8 23. Kf2 Rc6 24. Rb1 Rf6+ 25. Ke2 Ra6 26. Rb2 Ra3 27. Rd3 Ra4 28. Rc2 g6 29. a3 Re4 30. Rdc3 Re6 31. Rd2 Kg7 32. Rd7 Rea6 33. Rdd3 Rb6 34. Kf3 Rb2 35. Rd7 Ra2 36. Rb3 Ra6 37. g4 R2xa3 38. Rxa3 Rxa3 39. Rc7 Ra1 40. Rxc5 a5 41. Rc6 a4 42. Ra6 a3 43. Kg2 a2 44. g5 Rc1 45. Rxa2 Rxc4 46. Kg3 Rb4 47. Ra5 Rc4 48. Rd5 Rb4 49. Kf3 Ra4 50. e4 Rb4 51. Rd7 Ra4 52. e5 Kg8 53. Rd8+ Kg7 54. Re8 Rh4 55. Kg3 Re4 56. h4 Re1 57. Re7 Kf8 58. Ra7 Rxe5 59. Kf4 Rb5 60. Rc7 Rb4+ 61. Kg3 Kg7 62. Ra7 Rc4 63. Rd7 Rc3+ 64. Kg4 Rc2 65. Kg3 Rc1 66. Kg4 Rh1 67. Kg3 Rg1+ 68. Kf4 h6 69. Ra7 h5 70. Ke5 Rg4 71. Kd6 Rxh4 0-1

[Event "Titled Tuesday intern op 06th Feb Late"]
[Site "Chess.com INT"]
[Date "2024.02.06"]
[Round "7"]
[White "Krzyzanowski, Marcin"]
[Black "Tikhonov, Viacheslav"]
[Result "1-0"]
[WhiteElo "2520"]
[BlackElo "2160"]
[PlyCount "99"]
[EventDate "2024.02.06"]
[EventType "swiss (blitz)"]
[EventRounds "11"]
[EventCountry "USA"]
[SourceTitle "CB07_2024"]
[SourceDate "2024.02.14"]
[SourceVersion "1"]
[SourceVersionDate "2024.02.14"]
[SourceQuality "1"]

1. d4 Nf6 2. Nc3 d5 3. Bf4 g6 4. e3 Bg7 5. h4 h6 6. Nf3 0-0 7. Ne5 c6 8. Bd3 Nbd7 9. h5 g5 10. Bg3 Nxe5 11. Bxe5 Nd7 12. Bxg7 Kxg7 13. f4 f6 14. fxg5 fxg5 15. e4 e5 16. exd5 exd4 17. Ne2 Qf6 18. Kd2 Nc5 19. Rf1 Qe5 20. Rxf8 Qe3+ 21. Ke1 Kxf8 22. Qd2 Qe5 23. b4 Na6 24. Kf2 Bg4 25. Rf1 Re8 26. Kg1+ Kg7 27. Bxa6 bxa6 28. Nxd4 cxd5 29. Qc3 Qe3+ 30. Qxe3 Rxe3 31. Kf2 Rc3 32. Re1 Bxh5 33. Re7+ Kf8 34. Rxa7 Bg6 35. Rxa6 Bxc2 36. Rc6 Rxc6 37. Nxc6 Ke8 38. Nd4 Be4 39. a4 Kd7 40. a5 h5 41. b5 Kc7 42. Ne6+ Kd6 43. Nxg5 Bd3 44. b6 Kc6 45. Ne6 Bc4 46. Nd4+ Kb7 47. Ne6 Ka6 48. Nc5+ Kb5 49. b7 Kxa5 50. b8Q 1-0

[Event "Titled Tuesday intern op 06th Feb Late"]
[Site "Chess.com INT"]
[Date "2024.02.06"]
[Round "3"]
[White "Nihal, Sarin"]
[Black "Krzyzanowski, Marcin"]
[Result "1/2-1/2"]
[WhiteElo "2693"]
[BlackElo "2520"]
[PlyCount "123"]
[EventDate "2024.02.06"]
[EventType "swiss (blitz)"]
[EventRounds "11"]
[EventCountry "USA"]
[SourceTitle "CB07_2024"]
[SourceDate "2024.02.14"]
[SourceVersion "1"]
[SourceVersionDate "2024.02.14"]
[SourceQuality "1"]

1. e4 c5 2. Nf3 d6 3. Nc3 Nf6 4. e5 dxe5 5. Nxe5 a6 6. g3 Qd6 7. Nf3 e5 8. Bg2 Nc6 9. 0-0 Be7 10. Re1 0-0 11. d3 h6 12. h3 Re8 13. Nd2 Bf8 14. Nde4 Nxe4 15. dxe4 Qxd1 16. Rxd1 Be6 17. Nd5 Bxd5 18. exd5 Nd4 19. Rd2 e4 20. Kf1 Rad8 21. c3 e3 22. fxe3 Nf5 23. Kf2 Bd6 24. g4 Bg3+ 25. Kg1 Nxe3 26. Re2 Bf4 27. Bxe3 Bxe3+ 28. Kf1 Bf4 29. a4 Bd6 30. a5 Rxe2 31. Kxe2 Re8+ 32. Kd3 g6 33. c4 f5 34. Ra3 Bf4 35. d6 Re3+ 36. Kc2 Re2+ 37. Kd1 Rxg2 38. Rd3 Bg5 39. d7 Rg1+ 40. Ke2 Bd8 41. Re3 Kf7 42. Re8 Bxa5 43. d8Q Bxd8 44. Rxd8 fxg4 45. hxg4 Rg2+ 46. Kf3 Rxb2 47. Rd7+ Ke6 48. Rh7 h5 49. gxh5 gxh5 50. Rxh5 b6 51. Ke4 Re2+ 52. Kd3 Rf2 53. Kc3 Rf3+ 54. Kb2 Kd6 55. Rh6+ Kc7 56. Rh7+ Kd8 57. Rh6 b5 58. Rxa6 Rf2+ 59. Kb3 Rf3+ 60. Kb2 Rf2+ 61. Kb3 Rf3+ 62. Kb2 1/2-1/2

[Event "Titled Tuesday intern op 23rd Jan Late"]
[Site "Chess.com INT"]
[Date "2024.01.23"]
[Round "4"]
[White "Krzyzanowski, Marcin"]
[Black "Ankerst, Mihael"]
[Result "1-0"]
[WhiteElo "2519"]
[BlackElo "2377"]
[PlyCount "67"]
[EventDate "2024.01.23"]
[EventType "swiss (blitz)"]
[EventRounds "11"]
[EventCountry "USA"]
[SourceTitle "CB05_2024"]
[SourceDate "2024.01.31"]
[SourceVersion "1"]
[SourceVersionDate "2024.01.31"]
[SourceQuality "1"]

1. Nf3 Nf6 2. c4 g6 3. g3 Bg7 4. Bg2 d6 5. 0-0 0-0 6. d4 Nbd7 7. Nc3 e5 8. Qc2 c6 9. Rd1 Qe7 10. dxe5 dxe5 11. e4 a5 12. h3 Nc5 13. Be3 h6 14. b3 Nh7 15. Qc1 Nf6 16. Bxh6 Nfxe4 17. Bxg7 Kxg7 18. Nxe4 Nxe4 19. Re1 f5 20. Qb2 Re8 21. Re3 Qc5 22. Rae1 Bd7 23. Nd2 Nf6 24. Rxe5 Rxe5 25. Rxe5 Qf8 26. Nf3 Re8 27. Rxa5 Qd6 28. Re5 Rxe5 29. Qxe5 Qd1+ 30. Kh2 Kf7 31. Ng5+ Kg7 32. Qe7+ Kh6 33. Qxf6 Qd6 34. Nf7+ 1-0

[Event "Titled Tuesday intern op 23rd Jan Late"]
[Site "Chess.com INT"]
[Date "2024.01.23"]
[Round "2"]
[White "Krzyzanowski, Marcin"]
[Black "Dilmukhametov, Artur"]
[Result "1-0"]
[WhiteElo "2519"]
[BlackElo "2276"]
[PlyCount "117"]
[EventDate "2024.01.23"]
[EventType "swiss (blitz)"]
[EventRounds "11"]
[EventCountry "USA"]
[SourceTitle "CB05_2024"]
[SourceDate "2024.01.31"]
[SourceVersion "1"]
[SourceVersionDate "2024.01.31"]
[SourceQuality "1"]

1. e4 e6 2. d4 d5 3. Nc3 Bb4 4. exd5 exd5 5. Bd3 c6 6. Nge2 Ne7 7. 0-0 Bf5 8. Ng3 Bg6 9. Nce2 0-0 10. Nf4 Nd7 11. Nfh5 Re8 12. Qg4 Nf8 13. f4 f5 14. Nxf5 Nxf5 15. Bxf5 Bxh5 16. Qxh5 g6 17. Qg4 Qf6 18. Bd3 Qxd4+ 19. Kh1 Re1 20. Rxe1 Bxe1 21. Qe2 Qf2 22. Qxf2 Bxf2 23. Bd2 Re8 24. Rf1 Bd4 25. c3 Bg7 26. f5 gxf5 27. Rxf5 Ne6 28. b4 Rf8 29. h4 h6 30. g4 Rxf5 31. Bxf5 Kf7 32. Kg2 Bf6 33. Kg3 Be5+ 34. Kf3 Bg7 35. a4 Ke7 36. g5 hxg5 37. hxg5 Nd8 38. Bc8 Nf7 39. Bxb7 Kd6 40. Kg4 Ne5+ 41. Kf5 Nc4 42. Be1 Kd7 43. Ba6 Nd6+ 44. Kg6 Be5 45. Bd3 Ke6 46. b5 cxb5 47. axb5 Bf4 48. Bf2 Nf7 49. Bf5+ Ke7 50. Bc5+ Ke8 51. Bxa7 Nxg5 52. b6 Nf3 53. b7 Ne5+ 54. Kf6 Nc6 55. Bb6 Bb8 56. Ke6 d4 57. cxd4 Ne7 58. Be4 Ng6 59. Bxg6+ 1-0

[Event "Titled Tuesday intern op 23rd Jan Late"]
[Site "Chess.com INT"]
[Date "2024.01.23"]
[Round "6"]
[White "Krzyzanowski, Marcin"]
[Black "Kalogeris, Ioannis"]
[Result "1-0"]
[WhiteElo "2519"]
[BlackElo "2429"]
[PlyCount "45"]
[EventDate "2024.01.23"]
[EventType "swiss (blitz)"]
[EventRounds "11"]
[EventCountry "USA"]
[SourceTitle "CB05_2024"]
[SourceDate "2024.01.31"]
[SourceVersion "1"]
[SourceVersionDate "2024.01.31"]
[SourceQuality "1"]

1. e4 e5 2. Nf3 Nc6 3. Bb5 a6 4. Ba4 b5 5. Bb3 Nf6 6. Nc3 d6 7. Ng5 Nd4 8. Nxf7 Qd7 9. Nxh8 b4 10. Nd5 Nxd5 11. Bxd5 c6 12. Bf7+ Kd8 13. c3 Ne6 14. d4 Kc7 15. 0-0 Be7 16. dxe5 dxe5 17. Qh5 Bf6 18. Qxh7 Bb7 19. Bxe6 Qxe6 20. Ng6 bxc3 21. bxc3 Rd8 22. Qh5 Qd6 23. Be3 1-0

[Event "Speed Chess Poland"]
[Site "Chess.com INT"]
[Date "2024.01.23"]
[Round "1.2"]
[White "Krzyzanowski, Marcin"]
[Black "Miton, Kamil"]
[Result "0-1"]
[WhiteElo "2519"]
[BlackElo "2568"]
[PlyCount "126"]
[EventDate "2024.01.19"]
[EventType "k.o. (blitz)"]
[EventRounds "4"]
[EventCountry "POL"]
[SourceTitle "CB05_2024"]
[SourceDate "2024.01.31"]
[SourceVersion "1"]
[SourceVersionDate "2024.01.31"]
[SourceQuality "1"]

1. e4 e6 2. d4 d5 3. Nc3 dxe4 4. Nxe4 Bd7 5. Nf3 Bc6 6. Bd3 Nd7 7. 0-0 Ngf6 8. Ng3 g6 9. b3 Bg7 10. Ba3 Bf8 11. Bb2 Bg7 12. Ba3 Bf8 13. Bxf8 Kxf8 14. c3 Kg7 15. Qe2 Bxf3 16. Qxf3 c6 17. Rfe1 Qc7 18. h4 h5 19. Ne2 Rae8 20. Rad1 Ng4 21. Qg3 Qxg3 22. Nxg3 Ngf6 23. Bc2 Rd8 24. f3 a5 25. Kf2 Nd5 26. Ne2 b5 27. c4 bxc4 28. bxc4 Nb4 29. Be4 Nf6 30. Nc3 c5 31. dxc5 Nxe4+ 32. Rxe4 Rxd1 33. Nxd1 Rc8 34. Nc3 Nd3+ 35. Ke2 Nxc5 36. Rd4 Kf8 37. Rd6 Ke7 38. Rb6 Nd7 39. Rb7 Rxc4 40. Kd3 Rxh4 41. Ne4 Rh1 42. Kd2 Kd8 43. Ra7 Rg1 44. g3 f5 45. Ng5 Nc5 46. Nf7+ Kc8 47. Nd6+ Kb8 48. Rxa5 Nd7 49. Rb5+ Kc7 50. Nc4 Rxg3 51. Ke3 h4 52. Ra5 g5 53. Ra8 Nf6 54. Ra7+ Kb8 55. Rf7 Nd5+ 56. Kd4 Rxf3 57. Kc5 Rc3 58. a4 h3 59. a5 Ne3 60. Kb6 Nxc4+ 61. Ka6 Nxa5 62. Rh7 g4 63. Kb6 Nc4+ 0-1

[Event "Speed Chess Poland"]
[Site "Chess.com INT"]
[Date "2024.01.23"]
[Round "1.6"]
[White "Krzyzanowski, Marcin"]
[Black "Miton, Kamil"]
[Result "1-0"]
[WhiteElo "2519"]
[BlackElo "2568"]
[PlyCount "115"]
[EventDate "2024.01.19"]
[EventType "k.o. (blitz)"]
[EventRounds "4"]
[EventCountry "POL"]
[SourceTitle "CB05_2024"]
[SourceDate "2024.01.31"]
[SourceVersion "1"]
[SourceVersionDate "2024.01.31"]
[SourceQuality "1"]

1. e4 e6 2. d4 d5 3. Nc3 dxe4 4. Nxe4 Bd7 5. Nf3 Bc6 6. Bd3 Nd7 7. 0-0 Ngf6 8. Ned2 Be7 9. Re1 0-0 10. Qe2 b6 11. Nc4 Bb7 12. c3 c5 13. Bf4 Bxf3 14. Qxf3 cxd4 15. cxd4 Nd5 16. Bg3 N7f6 17. a3 b5 18. Ne5 Qb6 19. Rad1 Rad8 20. Bb1 a5 21. Bh4 a4 22. Bg5 b4 23. axb4 Bxb4 24. Re2 Be7 25. Qh3 g6 26. Qh4 Rfe8 27. Red2 Nh5 28. Bxe7 Nxe7 29. Ng4 Nd5 30. Ba2 Rd6 31. Ne5 Qd8 32. Qg4 Qf6 33. Bc4 Red8 34. g3 Ng7 35. Bb5 a3 36. Nc4 h5 37. Qe4 axb2 38. Nxd6 Nc3 39. Qe5 Qe7 40. Ne4 b1Q 41. Rxb1 Nxb1 42. Rd3 Qb4 43. Bc6 Kf8 44. Nc5 Kg8 45. Kg2 Nc3 46. Qc7 Rf8 47. Nd7 Ne2 48. Nxf8 Qe1 49. Nxg6 Nf5 50. Ne7+ Nxe7 51. Qxe7 Qg1+ 52. Kf3 Qf1 53. Qg5+ Kf8 54. Rd2 Ng1+ 55. Ke3 Qc1 56. Qd8+ Kg7 57. Qg5+ Kf8 58. Qc5+ 1-0

[Event "Speed Chess Poland"]
[Site "Chess.com INT"]
[Date "2024.01.23"]
[Round "1.10"]
[White "Krzyzanowski, Marcin"]
[Black "Miton, Kamil"]
[Result "1-0"]
[WhiteElo "2519"]
[BlackElo "2568"]
[PlyCount "85"]
[EventDate "2024.01.19"]
[EventType "k.o. (blitz)"]
[EventRounds "4"]
[EventCountry "POL"]
[SourceTitle "CB05_2024"]
[SourceDate "2024.01.31"]
[SourceVersion "1"]
[SourceVersionDate "2024.01.31"]
[SourceQuality "1"]

1. e4 e6 2. d4 d5 3. Nc3 dxe4 4. Nxe4 Bd7 5. Nf3 Bc6 6. Bd3 Nd7 7. 0-0 Ngf6 8. Ng3 g6 9. b3 Bg7 10. Ba3 Bf8 11. Bb2 Bg7 12. Ba3 Bf8 13. Bxf8 Kxf8 14. Re1 Bxf3 15. Qxf3 c6 16. Rad1 Kg7 17. Qe3 Qc7 18. c4 Rhe8 19. Bb1 e5 20. d5 cxd5 21. cxd5 Qd6 22. Qg5 Kh8 23. h4 a5 24. h5 Rac8 25. hxg6 fxg6 26. Qh6 Qf8 27. Qh3 Qg7 28. d6 Rc5 29. Ne4 Nxe4 30. Bxe4 Nf6 31. Bb1 Rd8 32. a3 h5 33. Qe6 Rf8 34. d7 Rd8 35. Rd6 Rc6 36. Rxc6 bxc6 37. Qxe5 Rxd7 38. Qxa5 Ng4 39. Re8+ Kh7 40. Qxh5+ Nh6 41. Qe2 Qa1 42. Qe1 Rf7 43. Bxg6+ 1-0